Administración territorial de Chile: estudios sobre descentralización y desconcentración administrativas

Gorde:
Xehetasun bibliografikoak
Egile Nagusiak: Bocksang Hola, Gabriel (Egilea), Lara Arroyo, José Luis (Egilea)
Formatua: Liburua
Hizkuntza:gaztelania
Argitaratua: Santiago Legal Publishing 2015
Edizioa:1a. ed
Saila:Monografías
Gaiak:
Etiketak: Etiketa erantsi
Etiketarik gabe, Izan zaitez lehena erregistro honi etiketa jartzen!

MARC

LEADER 00000cam a2200000 a 4500
001 UCD0188
003 CL-VaPUC
008 151120e20150000cl |||||||||||||||||spa|d
020 |a 9789563467222 
082 0 4 |a 342.83066  |b BOC  |2 21 
100 |a Bocksang Hola, Gabriel  |e author  |9 622085 
700 |a Lara Arroyo, José Luis  |e author  |9 588349 
245 1 0 |a Administración territorial de Chile: estudios sobre descentralización y desconcentración administrativas 
250 |a 1a. ed 
300 |a 274 p 
942 |c BK 
945 |d 20151120 13:39:00  |a dcastane 
260 |a Santiago  |b Legal Publishing  |c 2015 
650 0 |a Derecho administrativo  |9 254851 
650 0 |a Derecho constitucional   |9 222588 
650 7 |a DESCENTRALIZACION  |2 CL-VaPUC  |9 311229 
650 0 |a Administración interior del Estado  |9 383654 
583 |a last modification  |c 20151120 13:39:00  |k Rodrigo Vera 
490 0 |a Monografías 
999 |c 361803  |d 361801 
952 |0 0  |1 0  |3 erb  |4 0  |6 342_830660000000000_BOC_2015  |7 0  |8 A  |9 472481  |a BIBDER  |b BIBDER  |i 5251281  |l 1  |o 342.83066 BOC 2015  |p 5251281  |r 2023-11-27  |s 2023-11-13  |w 2019-11-24  |y BK  |z Catalogado en:20151120  |k DER